Management accounting / (Record no. 38238)

MARC details
000 -LEADER
fixed length control field 00689nam a22002057a 4500
005 - DATE AND TIME OF LATEST TRANSACTION
control field 20100730124347.0
010 ## - LCCN (DPL NO)
LC control number ENG-97443
020 ## - INTERNATIONAL STANDARD BOOK NUMBER
International Standard Book Number 9788184840445
Terms of availability 2250.00
035 ## - SYSTEM CONTROL NUMBER
System control number EN-80976
037 ## - SOURCE OF ACQUISITION
Source of stock number/acquisition DBAD/PUB
082 ## - DEWEY DECIMAL CLASSIFICATION NUMBER
Classification number 657
100 ## - MAIN ENTRY--PERSONAL NAME
Personal name G. Rajendren
245 ## - TITLE STATEMENT
Title Management accounting /
Statement of responsibility, etc Rajendren G.
260 ## - PUBLICATION, DISTRIBUTION, ETC. (IMPRINT)
Place of publication, distribution, etc New Delhi
Name of publisher, distributor, etc Regal Publications
Date of publication, distribution, etc 2009
270 ## - ADDRESS
Address F-159, Rajouri Garden,
City New Delhi
Postal code 110 027
300 ## - PHYSICAL DESCRIPTION
Extent xiv, 521p.
Dimensions 24 cm (Hb)
500 ## - GENERAL NOTE
General note Includes bibliagraphical references and index
942 ## - ADDED ENTRY ELEMENTS (KOHA)
Source of classification or shelving scheme Dewey Decimal Classification
Item type English Books
Classification part 657
Call number suffix RAJ
Holdings
Withdrawn status Lost status Not for loan Collection code Home library Current library Date acquired Source of acquisition Cost, normal purchase price Full call number Barcode Copy number Cost, replacement price Koha item type
    Not For Loan Non-fiction D.B.Act.Division D.B.Act.Division 30/07/2010 DBAD/PUB 2250.00 657 GRA EN-80976 1 2250.00 English Books

© Delhi Public Library
Hit Counter
free hit counter